书目信息 |
| 题名: |
建筑工程施工工艺
|
|
| 作者: | 刘仁松 主编 | |
| 分册: | ||
| 出版信息: | 重庆 重庆大学出版社 2002.9 |
|
| 页数: | 227页 | |
| 开本: | 26cm | |
| 丛书名: | ||
| 单 册: | ||
| 中图分类: | TU7-43 | |
| 科图分类: | ||
| 主题词: | 建筑工程--工程施工 | |
| 电子资源: | ||
| ISBN: | 7-5624-2596-5 | |
| 000 | 00539nam0 2200181 45 | |
| 001 | 0232377157 | |
| 005 | 20081017153212.81 | |
| 010 | @a7-5624-2596-5@dRMB 20.00 | |
| 100 | @a20021202d2002 km y0chiy0120 ea | |
| 101 | 0 | @achi |
| 200 | 1 | @a建筑工程施工工艺@Ajian zhu gong cheng shi gong gong yi@f刘仁松主编@Fliu ren song zhu bian |
| 210 | @a重庆@c重庆大学出版社@d2002.9 | |
| 215 | @a227页@d26cm | |
| 606 | 0 | @a建筑工程@x工程施工 |
| 690 | @aTU7-43@v3 | |
| 701 | 0 | @a刘仁松@Aliu ren song@4主编 |
| 801 | 0 | @aCN@bPFT@c20081017 |
| 905 | @dTU7-43@eL660 | |
| 建筑工程施工工艺/刘仁松主编.-重庆:重庆大学出版社,2002.9 |
| 227页;26cm |
| ISBN 7-5624-2596-5:RMB 20.00 |
| ● |
| 相关链接 |
|
|
|
正题名:建筑工程施工工艺
索取号:TU7-43/L660
 
预约/预借
| 序号 | 登录号 | 条形码 | 馆藏地/架位号 | 状态 | 备注 |
| 1 | 361635 | 203616355 | 土木与交通工程学院资料室/土木与交通学院资料室 1排1列1层/ [索取号:TU7-43/L660] | 在馆 | |
| 2 | 361636 | 203616364 | 自科二线404/404自科库 9排1列1层/ [索取号:TU7-43/L660] | 在馆 | |
| 3 | 444342 | 204443423 | 管理学院资料室/ [索取号:TU7-43/L660] | 在馆 | |
| 4 | 452834 | 204528341 | 建筑库201/201建筑库 14排1列3层/ [索取号:TU7-43/L660] | 在馆 | |
| 5 | 453665 | 204536653 | 建筑库201/201建筑库 14排1列3层/ [索取号:TU7-43/L660] | 在馆 | |
| 6 | 453666 | 204536662 | 土木与交通工程学院资料室/土木与交通学院资料室 1排1列1层/ [索取号:TU7-43/L660] | 在馆 | |
| 7 | 453667 | 204536671 | 土木与交通工程学院资料室/土木与交通学院资料室 1排1列1层/ [索取号:TU7-43/L660] | 在馆 | |
| 8 | 453668 | 204536680 | 建筑库201/201建筑库 14排1列3层/ [索取号:TU7-43/L660] | 在馆 | |
| 9 | 453669 | 204536699 | 土木与交通工程学院资料室/土木与交通学院资料室 1排1列1层/ [索取号:TU7-43/L660] | 在馆 | |
| 10 | 453670 | 204536706 | 土木与交通工程学院资料室/土木与交通学院资料室 1排1列1层/ [索取号:TU7-43/L660] | 在馆 | |
| 11 | 453671 | 204536715 | 土木与交通工程学院资料室/土木与交通学院资料室 1排1列1层/ [索取号:TU7-43/L660] | 在馆 |